| 000 | 01165cam a22002175a 4500 | ||
|---|---|---|---|
| 001 | L149257 | ||
| 008 | 100211e20100122xxk 000 0 eng d | ||
| 035 | _a(Sirsi) u149257 | ||
| 041 | 0 | _aeng | |
| 100 | 1 | _aUnger, Paul | |
| 245 | 0 | 0 |
_aMarkets _bLancashire and Cumbria |
| 260 | _c2010 | ||
| 490 | 0 |
_aProperty Week _v76(3) 22 January 2010, 41-48(5) |
|
| 520 | _aReBlackpool aims to purchase the Blackpool Tower and Winter Gardens by late March 2010 but regeneration has not reached Blackpool's deprived areas. Blackpool, Bury and Blackburn have topped in 2009 retail destinations serving Lancashire and Cumbria with Preston making a strong challenge. Cottam Hall, a mixed-use development near Preston has been delayed by a further 12 months but PrestonVision regeneration agency sees offices as the priority. Barrow's marina project, the Waterfront, may not start for another two years. A review of employment sites in the M6 corridor outside Carlisle has been commissioned. | ||
| 590 | _aKA | ||
| 651 | 4 | _aLancashire | |
| 651 | 4 | _aCumbria | |
| 690 | _aPROPERTY-COMMERCIAL PROPERTY-COMMERCIAL PROPERTY MARKET | ||
| 700 | 1 | _aMcNerney, Shelagh | |
| 942 | _n0 | ||
| 999 |
_c82097 _d82097 |
||